Normal view
MARC view
- Microsoft software
Entry Topical Term
001 - CONTROL NUMBER
- control field: 98283
003 - CONTROL NUMBER IDENTIFIER
- control field: NUST
005 - DATE AND TIME OF LATEST TRANSACTION
- control field: 20220822113213.0
008 - FIXED-LENGTH DATA ELEMENTS
- fixed length control field: 220822|| aca||aabn | a|a d
040 ## - CATALOGING SOURCE
- Original cataloging agency: NUST
- Transcribing agency: NUST
150 ## - HEADING--TOPICAL TERM
- Topical term or geographic name entry element: Microsoft software
- General subdivision: Development
- General subdivision: Examinations
670 ## - SOURCE DATA FOUND
- Source citation: Work cat.: (NUST)189430: Mulzer, Beatrice. 98282, MCTS self -paced training kit (Exam 70-653) :, c2010.
